Μαθηματικά Β' γυμνασίου : θεωρία, παραδείγματα, ασκήσεις, ερωτήσεις, διαγωνίσματα
Αποθηκεύτηκε σε:
| Κύριος συγγραφέας: | |
|---|---|
| Άλλοι συγγραφείς: | |
| Μορφή: | Βιβλίο |
| Γλώσσα: | Greek |
| Δημοσίευση: |
Αθήνα :
Πατάκης,
1994
|
| Θέματα: | |
| Ετικέτες: |
Προσθήκη ετικέτας
Δεν υπάρχουν, Καταχωρήστε ετικέτα πρώτοι!
|
MARC
| LEADER | 00000cam a2200000 i 4500 | ||
|---|---|---|---|
| 001 | 1/25499 | ||
| 008 | 020626s1994 gre d | ||
| 020 | |a 960-360-077-6 (set) | ||
| 035 | |l 10068075 | ||
| 040 | |a GR-MY-UA |b gre |e aacr | ||
| 041 | 0 | |a gre | |
| 082 | 0 | |a 510.7 | |
| 100 | 1 | |a Αμβρουζή, Σοφία. | |
| 245 | 1 | 0 | |a Μαθηματικά Β' γυμνασίου : |b θεωρία, παραδείγματα, ασκήσεις, ερωτήσεις, διαγωνίσματα / |c Σοφία Αμβρουζή, Ελευθέριος Τσιλιακός |
| 260 | |a Αθήνα : |b Πατάκης, |c 1994 | ||
| 300 | |a τ.1 | ||
| 650 | 0 | 0 | |a Mathematics |x Study and teaching (Secondary) |z Greece. |
| 700 | 1 | |a Τσιλιακός, Ελευθέριος. | |
| 852 | |a INST |b RHODES |e 20020626 |h 510.7 ΑΜΒ |p 005400016346 |q 005400016346 |t BK |y 0 | ||
| 901 | |a BIBL4-2002-2 | ||
| 909 | |a Ρ |b 101315 | ||
| 970 | |a ΚΟΥΛΑΚΙΟΤΗ |b ΛΙΤΣΑ |z 2002/06/26 | ||